000 nam a22 7a 4500
999 _c52589
_d52589
003 OSt
005 20220625111428.0
008 220625b xxu||||| |||| 00| 0 eng d
040 _cIIMT UNIVERSITY MEERUT
100 _aLUTHERA , N.R.
245 _aANUPREYUKAT GANIT-I (A)
260 _bBHARAT BHARTI
300 _a277
942 _2ddc
_c09